| 000 | 00403nam a22001457a 4500 | ||
|---|---|---|---|
| 003 | MACL | ||
| 005 | 20170609120719.0 | ||
| 008 | 170609b xxu||||| |||| 00| 0 eng d | ||
| 040 | _cMACL | ||
| 100 |
_aNijhawan Dr. Shashi _967391 |
||
| 245 |
_aEmpowering Women _bThe Indian Socio - Cultural Scenario |
||
| 260 |
_aNew Delhi _bPragun Publication _c2014 |
||
| 650 |
_aSociology _967392 |
||
| 942 |
_2ddc _cBK |
||
| 999 |
_c56489 _d56489 |
||